| 000 | 00905cam a2200241 4500 | ||
|---|---|---|---|
| 001 | ABS62575 | ||
| 008 | 000000n2000 000 0 eng u | ||
| 035 | _a(Sirsi) u107198 | ||
| 100 | _aTydeman, A. | ||
| 245 | _aSustainable construction with precast concrete | ||
| 260 | _c2000 | ||
| 490 |
_aFaculty of Building Journal _v9(3) June 2000, 21-22(2) |
||
| 520 | _aIn the light of DETR strategy for sustainable construction "Building a better quality of life", the article discusses how the precast concrete industry is contributing to UK sustainability in production and construction methods. | ||
| 590 | _aABS | ||
| 650 | _aPRECAST CONCRETE | ||
| 650 | _aSUSTAINABLE CONSTRUCTION | ||
| 650 | _aCONSTRUCTION INDUSTRY | ||
| 650 | _aWASTE MINIMISATION | ||
| 650 | _aBRITISH PRECAST CONCRETE FEDERATION | ||
| 690 | _aBUILDING AND CONSTRUCTION-SUSTAINABLE | ||
| 700 | _aGlass, J. | ||
| 942 | _n0 | ||
| 999 |
_c64085 _d64085 |
||